00546nam a2200157 a 450000100060000000300090000600800410001504000280005608200160008410000240010024501130012426000360023730000080027350500950028165000120037622437CO-ViMGA141112s2004 ck r 000 u spa d aCO-ViMGAbspacCO-ViMGA04a262.8 I137e1 aIafrancesco v, Gino10aEncarando aspectos branhamitas, examen de las doctrinas del movimiento originado con William Marrion Branham aBogotá : bCristiania, c1983 a186 aResumen bibliografico 7 - - A la par de los hechos 17 - - Alrededor de los oráculos 21 14aHEREGIA